000 00527nam a2200193 a 4500
001 1770711733538
003 YourLibrary
005 20260210141022.0
008 260210s2008##################000#0#eng##
020 _a9781405184533
082 0 4 _a306.44089
_bHIL
100 1 _aHill, Jane H.,
_eauthor.
245 1 0 _aThe Everyday Language of White Racism :
260 _bWiley-Blackwell,
_c2008.
300 _a246 pages
650 0 _aLanguage Arts & Disciplines.
942 _cENGLISH
040 _aYourLibrary
_beng
_cYourLibrary
999 _c611279
_d611279